000 00597nam a2200241Ia 4500
003 OSt
005 20221007103107.0
006 a|||||r|||| 00| 0
007 ta
008 221006b |||||||| |||| 00| 0 eng d
024 _a12,212
037 _cTextual
040 _aLCO
_cLCO
_beng
041 _2eng
_aeng
082 _aV2:2:(Z), M9
100 _aBasu D.D.
245 0 _aShorter Constitution of India
250 _a10th
260 _aAgra
_bWadhwa and Company India
_c1986
300 _a235
942 _hV2:2:(Z), M9
_cTEXL
999 _c1181775
_d1181775